LEADER 01185nas 2200409- 450 001 996321689203316 005 20240124213015.0 011 $a2587-3202 035 $a(DE-599)ZDB2901828-6 035 $a(OCoLC)1076468655 035 $a(CKB)4100000001656670 035 $a(CONSER)--2023237480 035 $a(EXLCZ)994100000001656670 100 $a20181029a20059999 --- - 101 0 $arum 135 $aurunu|||||||| 181 $ctxt$2rdacontent 182 $cc$2rdamedia 183 $acr$2rdacarrier 200 00$aS?tiint?a agricol? 210 1$aChis?inau, Republica Moldova :$cState Agrarian University of Moldova,$d2005- 215 $a1 online resource 311 $a1857-0003 517 1 $aAgricultural science 531 0 $aS?tiint?a Agricol? 606 $aAgriculture$vPeriodicals 606 $aAgriculture$zMoldova$vPeriodicals 608 $aPeriodicals.$2lcgft 608 $aZeitschrift.$2gnd-content 615 0$aAgriculture 615 0$aAgriculture 676 $a630 712 02$aUniversitatea agrar? de stat din Moldova, 906 $aJOURNAL 912 $a996321689203316 996 $aS?tiint?a agricola?$92276210 997 $aUNISA LEADER 01136nas 2200409 c 450 001 9910894433803321 005 20260218110556.0 035 $a(CKB)3790000000115381 035 $a(OCoLC)1184424447 035 $a(OCoLC)85741829 035 $a(DE-101)999589687 035 $a(DE-599)ZDB2533434-7 035 $a(DE-599)2533434-7 035 $a(EXLCZ)993790000000115381 100 $a20100118a20039999 |y | 101 0 $ager 135 $aur||||||||||| 181 $ctxt$2rdacontent 182 $cc$2rdamedia 183 $acr$2rdacarrier 200 00$aKieferorthopädie-Nachrichten$eKN ; die Zeitung von Kieferorthopäden für Kieferorthopäden 210 31$aLeipzig$cOemus Media AG$d2003- 215 $aOnline-Ressource 311 08$a1612-2577 517 $aKieferorthopädie Nachrichten 517 $aKieferorthopädie Nachrichten 517 3 $aKN 608 $aZeitschrift$2gnd-content 676 $a070 676 $a610 801 0$b0355 801 1$bDE-101 801 2$b9999 906 $aJOURNAL 912 $a9910894433803321 996 $aKieferorthopa?die-Nachrichten$94255525 997 $aUNINA